<?xml version="1.0" encoding="UTF-8"?><?xml-stylesheet type="text/xsl" href="static/style.xsl"?><OAI-PMH xmlns="http://www.openarchives.org/OAI/2.0/" xmlns:xsi="http://www.w3.org/2001/XMLSchema-instance" xsi:schemaLocation="http://www.openarchives.org/OAI/2.0/ http://www.openarchives.org/OAI/2.0/OAI-PMH.xsd"><responseDate>2026-04-27T21:26:23Z</responseDate><request verb="GetRecord" identifier="oai:uvadoc.uva.es:10324/71486" metadataPrefix="marc">https://uvadoc.uva.es/oai/request</request><GetRecord><record><header><identifier>oai:uvadoc.uva.es:10324/71486</identifier><datestamp>2024-11-14T20:06:47Z</datestamp><setSpec>com_10324_38</setSpec><setSpec>col_10324_852</setSpec></header><metadata><record xmlns="http://www.loc.gov/MARC21/slim" xmlns:doc="http://www.lyncode.com/xoai" xmlns:xsi="http://www.w3.org/2001/XMLSchema-instance" xmlns:dcterms="http://purl.org/dc/terms/" xsi:schemaLocation="http://www.loc.gov/MARC21/slim http://www.loc.gov/standards/marcxml/schema/MARC21slim.xsd">
<leader>00925njm 22002777a 4500</leader>
<datafield tag="042" ind1=" " ind2=" ">
<subfield code="a">dc</subfield>
</datafield>
<datafield tag="720" ind1=" " ind2=" ">
<subfield code="a">Núñez Sáiz, Miguel Antonio</subfield>
<subfield code="e">author</subfield>
</datafield>
<datafield tag="260" ind1=" " ind2=" ">
<subfield code="c">2024</subfield>
</datafield>
<datafield tag="520" ind1=" " ind2=" ">
<subfield code="a">El objetivo de este proyecto es materializar una red social que facilite la creación y&#xd;
descubrimiento de planes casuales, tanto con amigos como con otros usuarios. La aplicación&#xd;
actuará como un espacio centralizado para controlar el acceso a los planes y facilitar la&#xd;
comunicación de sus miembros a través de un chat, permitiendo además la gestión de una&#xd;
red de amistad para poder realizar planes privados.&#xd;
Se ha desarrollado para ello una aplicación Android, utilizando el lenguaje de programación&#xd;
Kotlin, el framework de interfaz gráfica Jetpack Compose, y Firebase como&#xd;
Backend-as-a-Service. El sistema se ha estructurado siguiendo los principios de la Clean&#xd;
Architecture, empleando Scrum como marco de trabajo ágil.</subfield>
</datafield>
<datafield tag="520" ind1=" " ind2=" ">
<subfield code="a">The goal of this project is to materialize a social network that facilitates the creation and&#xd;
discovery of casual plans, both with friends and with other users. The application will act&#xd;
as a centralized space to control access to the plans and facilitate the communication of its&#xd;
members through a chat, also allowing the management of a friendship network to make&#xd;
private plans.&#xd;
An Android application has been developed for this purpose, using the programming&#xd;
language Kotlin, the graphical interface Jetpack Compose, and Firebase as&#xd;
Backend-as-a-Service. The system has been structured following the principles of the Clean&#xd;
Architecture, using Scrum as an agile framework.</subfield>
</datafield>
<datafield tag="024" ind2=" " ind1="8">
<subfield code="a">https://uvadoc.uva.es/handle/10324/71486</subfield>
</datafield>
<datafield tag="245" ind1="0" ind2="0">
<subfield code="a">Casual: una aplicación Android para una red social centrada en crear y compartir planes</subfield>
</datafield>
</record></metadata></record></GetRecord></OAI-PMH>